Responses for Show #6763 - Wednesday, January 29, 2014

Arthur Chu game 2.

Contestants

[<< previous game]

Carolyn Collins, an education program manager from Washington, D.C.

Erik Post, a fraud investigator from Essex, Vermont

Arthur Chu, a compliance analyst and voiceover artist from Broadview Heights, Ohio (whose 1-day cash winnings total $37,200)

[next game >>]

Jeopardy! Round responses

KISSING COUSINS
HEADGEAR
IN THE SPORT'S HALL OF FAME
CELEBRITIES' FAVORITE BOOKS
THE "RENT" IS DUE
(Alex: Notice "rent"'s gonna come up in each correct response.)
ON THE FIRST OF THE MONTH
    $200 27
basketball

Arthur
    $200 17
Little Women

Carolyn
    $200 28
[The end-of-round signal sounds.]

a deterrent

Arthur
    $200 16
Anne Frank

Carolyn
    $400 24
(Alex: You are right, with less than a minute to go now.)

Christopher Robin

Arthur
    $400 25
the pharaohs

Carolyn
    $400 26
baseball

Carolyn
    $400 18
A Confederacy of Dunces

Arthur
    $400 23
the heir apparent

Arthur
    $400 15
(Arthur: What is the Encyclopedia Britannica?)

the Oxford English Dictionary

ArthurCarolyn
    $600 3
Jerry Lee Lewis

Arthur
    $600 7
(Alex: Yes. I have one, by the way.)

a tinfoil hat

Erik
    $600 5
boxing

Erik
    $600 22
The Prince of Tides

Erik
    $600 10
Current

Triple Stumper
    $600 14
Conan O'Brien

Carolyn
    $800 2
Jesse James

Carolyn
    $800 6
a boater

Erik
    $800 4
(Carolyn: What is women's [*]--
(Alex: No.)
(Carolyn: --or [*]?)
(Alex: Oh, you corrected it in time.)

gymnastics

Carolyn
    $800 1
(Philip) Roth

Arthur
    $800 9
abhorrent

Erik
    $800 13
Amtrak

Carolyn
    $1000 21
Rebecca

Arthur
    $1000 8
a keffiyeh

Erik
    $5 19
(Arthur: [Immediately] I don't know.)
[Laughter]

hockey

Arthur
    $1000 20
(Arthur: What is Anne of Green Gables?)

Howards End

Arthur
Triple Stumper
    $1000 11
irreverent

Arthur
    $1000 12
(Charles) Lindbergh

Arthur

Scores at the first commercial break (after clue 16):

Arthur Erik Carolyn
$3,000 $3,800 $3,600

Scores at the end of the Jeopardy! Round:

Arthur Erik Carolyn
$4,595 $4,400 $4,600

Double Jeopardy! Round responses

ART TERMS
5-SYLLABLE WORDS
SITCOM ROLES
(Alex: You guys will deal with [*] in which you have to name the actor for us.)
THE PREVIOUS WORLD LEADER
Z FOOD IS READY
OFFICIAL STATE THINGS
    $400 22
portrait

Arthur
    $400 26
monosyllabic

Erik
    $400 28
Michael J. Fox

Carolyn
    $400 29
Tony Blair

Carolyn
    $400 27
soup

Carolyn
    $400 30
salsa

Arthur
    $800 21
a triptych

Carolyn
    $800 13
justifiable

Triple Stumper
    $800 25
Shelley Long

Arthur
    $800 23
Chairman Mao

Arthur
    $800 24
a Zebra

Arthur
    $5,000 19
Utah

Arthur
    $1200 18
a woodcut

Arthur
    $1200 12
chemotherapy

Erik
    $1200 2
Cynthia Nixon

Arthur
    $1200 14
(Saddam) Hussein

Erik
    $1200 15
onion rings

Carolyn
    $1200 17
a grouse

Erik
    $4,195 3
(Arthur: What is oil paint?)

tempera

Arthur
    $1600 11
the aristocracy

Carolyn
    $1600 1
(Arthur: Uh... sorry.)
...
(Alex: The complete man--[*], Two and a Half Men.)

Jon Cryer

Arthur
Triple Stumper
    $1600 6
Andrew Jackson

Arthur
    $1600 16
General Tso

Arthur
    $1600 8
a square dance

Arthur
    $2000 20
gesso

Carolyn
    $2000 4
inevitable

Arthur
    $2000 10
(Alex: Yes, on Entourage.)

Jeremy Piven

Arthur
    $2000 5
Berlusconi

Carolyn
    $2000 9
marsala

Triple Stumper
    $2000 7
the duckbill

Triple Stumper

Scores at the end of the Double Jeopardy! Round:

Arthur Erik Carolyn
$18,200 $8,400 $13,400

[wagering suggestions for these scores]

Final Jeopardy! Round responses

CAPITAL CITIES
(Alex: [To Carolyn] She wrote down the one in the Americas--in South America--[*].)
...
(Alex: [To Arthur] The other one is [**], the capital of Liechtenstein.)
ErikWhat is ______
$8,400
CarolynWhat is La Paz?
$13,400
ArthurWhat is La Paz
$8,600
(1 of) La Paz & Vaduz

Final scores:

Arthur Erik Carolyn
$26,800 $0 $26,800
2-day co-champion: $64,000 2nd place: $2,000 New co-champion: $26,800

Game dynamics:

Coryat scores:

Arthur Erik Carolyn
$18,200 $8,400 $13,400
23 R
(including 1 DD),
5 W
(including 2 DDs)
10 R,
0 W
17 R,
0 W

Combined Coryat: $40,000

[game clues] [game scores] [suggest correction]

Game tape date: 2013-11-13
The J! Archive is created by fans, for fans. Scraping, republication, monetization, and malicious use prohibited; this site may use cookies and collect identifying information. See terms. The Jeopardy! game show and all elements thereof, including but not limited to copyright and trademark thereto, are the property of Jeopardy Productions, Inc. and are protected under law. This website is not affiliated with, sponsored by, or operated by Jeopardy Productions, Inc. Join the discussion at JBoard.tv.